000 00483nam a2200157 4500
005 20140912121512.0
008 140912b xxu||||| |||| 00| 0 eng d
020 _a9780140291810
050 _aPS3569.M5255
_bL48 1999
100 _aSmith, Diane,
245 _aLetters from Yellowstone /
_cby Diane Smith.
260 _aNew York, N.Y. :
_bPenguin Books,
_cc1999.
300 _a226 p. :
_bill., map ;
_c23 cm.
650 _aYellowstone National Park
_xFiction.
942 _2lcc
_cBK
999 _c43681
_d43681